<?xml version="1.0" encoding="UTF-8"?>
<record
    xmlns:xsi="http://www.w3.org/2001/XMLSchema-instance"
    xsi:schemaLocation="http://www.loc.gov/MARC21/slim http://www.loc.gov/standards/marcxml/schema/MARC21slim.xsd"
    xmlns="http://www.loc.gov/MARC21/slim">

  <leader>00787cam a22002291  4500</leader>
  <controlfield tag="001">af 47006239 </controlfield>
  <controlfield tag="003">DLC</controlfield>
  <controlfield tag="005">20260227110836.0</controlfield>
  <controlfield tag="008">790418s1944    gw acg        000 1 ger c</controlfield>
  <datafield tag="010" ind1=" " ind2=" ">
    <subfield code="a">af 47006239 </subfield>
  </datafield>
  <datafield tag="035" ind1=" " ind2=" ">
    <subfield code="a">(OCoLC)4869464</subfield>
  </datafield>
  <datafield tag="040" ind1=" " ind2=" ">
    <subfield code="a">Pennsylvania Univ. Libr.</subfield>
    <subfield code="c">KyU</subfield>
    <subfield code="d">KyU</subfield>
    <subfield code="d">DLC</subfield>
  </datafield>
  <datafield tag="042" ind1=" " ind2=" ">
    <subfield code="a">premarc</subfield>
  </datafield>
  <datafield tag="050" ind1="0" ind2="0">
    <subfield code="a">PT2623.U43</subfield>
    <subfield code="b">H6</subfield>
  </datafield>
  <datafield tag="082" ind1=" " ind2=" ">
    <subfield code="a">833.91</subfield>
  </datafield>
  <datafield tag="100" ind1="1" ind2=" ">
    <subfield code="a">L&#xFC;bke, Friedrich Wilhelm,</subfield>
    <subfield code="d">1887-</subfield>
  </datafield>
  <datafield tag="245" ind1="1" ind2="0">
    <subfield code="a">Hoch am wind im Pazifik;</subfield>
    <subfield code="b">von st&#xFC;rmen, piraten, und sklavenj&#xE4;gern, von harten f&#xE4;usten un tapferen herzen.</subfield>
  </datafield>
  <datafield tag="260" ind1=" " ind2=" ">
    <subfield code="a">[Rendsburg,</subfield>
    <subfield code="b">H. M&#xF6;ller s&#xF6;hne,</subfield>
    <subfield code="c">1944]</subfield>
  </datafield>
  <datafield tag="300" ind1=" " ind2=" ">
    <subfield code="a"> 251, [1] p., 1 l., [7] p.</subfield>
    <subfield code="b">illus. (incl. port.)</subfield>
    <subfield code="c">21 cm.</subfield>
  </datafield>
  <datafield tag="500" ind1=" " ind2=" ">
    <subfield code="a">At head of title: Kapit&#xE4;n F. W. L&#xFC;bke.</subfield>
  </datafield>
  <datafield tag="500" ind1=" " ind2=" ">
    <subfield code="a">"Shanties" (with music) : [7] p. at end.</subfield>
  </datafield>
  <datafield tag="999" ind1=" " ind2=" ">
    <subfield code="c">3466</subfield>
    <subfield code="d">3466</subfield>
  </datafield>
</record>
